[Event "Challenge"]
[Site "http://www.queenalice.com/game.php?id=718643"]
[Date "2010.1.22"]
[Round "-"]
[White "CristianLonghinoti"]
[Black "Peds"]
[Result "1-0"]
[WhiteElo "1367"]
[BlackElo "1209"]

1. e4 Na6 2. d3 e5 3. Nf3 c5 4. h3 g5 5. Nxg5 Qe7 6. Be2 f6 7. Nf3 c4 8. dxc4
Nc5 9. Be3 Nxe4 10. Bd3 f5 11. Nbd2 Nd6 12. c5 e4 13. Bg5 Qe6 14. Nd4 Qg6 15.
Be3 exd3 16. cxd3 Qxg2 17. Qf3 Qg6 18. Nc4 Nxc4 19. Bc1 Ne5 20. Qe3 Bg7 21. Rg1
Qxg1+ 22. Ke2 Bh6 23. Qxe5+ Kd8 24. Nf3 Ne7 25. Nxg1 Bg7 26. Qxg7 Rg8 27. Qxh7
Rxg1 28. Qh8+ Kc7 29. Bf4+ d6 30. Rxg1 Nd5 31. Bxd6+ Kc6 32. Rg8 Nf4+ 33. Bxf4
b5 34. Rxc8+ Rxc8 35. Qxc8+ Kd5 36. c6 Kd4 37. Qe8 b4 38. c7 b3 39. c8=Q bxa2
40. Qed8# 1-0

[Event "Challenge"]
[Site "http://www.queenalice.com/game.php?id=718991"]
[Date "2010.1.23"]
[Round "-"]
[White "taty"]
[Black "Peds"]
[Result "0-1"]
[WhiteElo "942"]
[BlackElo "1223"]

1. e3 Na6 2. Qf3 Nf6 3. Nh3 d5 4. c4 dxc4 5. Bxc4 Nb4 6. Na3 c6 7. Ng5 Bg4 8.
Bxf7+ Kd7 9. Qg3 h5 10. Qf4 e6 11. Qd4+ Nbd5 12. Qe5 Nc7 13. f3 Bd6 14. Qc3 Bf5
15. e4 Bh7 16. e5 Ne4 17. Nxe4 Be7 18. Qd3+ Nd5 19. Qb3 Nf4 20. Qxb7+ Qc7 21.
Qb3 Qxe5 22. d4 Nxg2+ 23. Kf2 Nh4 24. Qb7+ Qc7 25. Qb4 Bxb4 26. Rg1 Qf4 27. Bxf4
Nf5 28. Nc5+ Ke7 29. Bxe6 Nxd4 30. Rge1 Rhf8 0-1

[Event "Challenge"]
[Site "http://www.queenalice.com/game.php?id=719167"]
[Date "2010.1.23"]
[Round "-"]
[White "glvoll"]
[Black "Peds"]
[Result "1-0"]
[WhiteElo "1000"]
[BlackElo "1209"]

1. e4 c5 2. c3 Nc6 3. b4 cxb4 4. Ne2 e6 5. g3 bxc3 6. dxc3 Nf6 7. Nf4 Bc5 8. Qa4
Ng4 9. Nd3 f5 10. Nxc5 d6 11. Nb3 f4 12. gxf4 Qh4 13. Be2 Nxf2 14. O-O Nxe4 15.
Qxe4 e5 16. Ba3 Bh3 17. N1d2 h6 18. fxe5 Qg5+ 19. Kf2 Rf8+ 20. Nf3 Qg2+ 21. Ke1
Rf5 22. Bxd6 Rd8 23. Bc7 Rxe5 24. Bxe5 b5 25. Rg1 Rd4 26. Qxc6+ Bd7 27. Qa8+ Ke7
28. Rxg2 Rc4 29. Rxg7+ Ke6 30. Nfd4+ Kxe5 31. Rxd7 Rxc3 32. Qh8+ Ke4 33. Qxh6
Re3 34. Re7+ Kd5 35. Qc6# 1-0

[Event "revanche"]
[Site "http://www.queenalice.com/game.php?id=719977"]
[Date "2010.1.25"]
[Round "-"]
[White "Peds"]
[Black "oirritado"]
[Result "0-1"]
[WhiteElo "1222"]
[BlackElo "1787"]

1. Nh3 e5 2. c4 Bc5 3. Nc3 d6 4. d3 Bxh3 5. gxh3 Nf6 6. a3 Nc6 7. e3 O-O 8. h4
Qd7 9. b4 Bb6 10. Nb5 a6 11. c5 dxc5 12. bxc5 Ba5+ 13. Bd2 Bxd2+ 14. Kxd2 axb5
15. Rc1 Rxa3 16. d4 Ne4+ 17. Ke1 Ra2 18. Bd3 Nxf2 19. Qf3 Nxd3+ 20. Kd1 Nxc1 21.
Kxc1 Ra1+ 22. Kd2 Rxh1 23. Qxh1 Ra8 24. e4 Ra2+ 25. Ke3 exd4+ 26. Kd3 Qh3+ 27.
Qf3 Qxf3# 0-1

[Event "Challenge"]
[Site "http://www.queenalice.com/game.php?id=720682"]
[Date "2010.1.26"]
[Round "-"]
[White "colatina"]
[Black "Peds"]
[Result "1-0"]
[WhiteElo "1673"]
[BlackElo "1199"]

1. e4 a5 2. d4 Na6 3. Bc4 e6 4. e5 Ne7 5. Qf3 Nb4 6. Bb3 g6 7. a3 Nbd5 8. Bxd5
Nxd5 9. Nh3 f5 10. O-O g5 11. Bxg5 Be7 12. Qh5+ Kf8 13. Qh6+ Kg8 14. Nc3 Bf8 15.
Bxd8 Bxh6 16. Nb5 b6 17. c4 c6 18. cxd5 cxb5 19. dxe6 dxe6 20. b4 Kf8 21. Bxb6
Rg8 22. Rfd1 Bb7 23. g3 Bf3 24. Rd3 Bg4 25. Nf4 Rc8 26. Nxe6+ Ke8 27. Nc7+ Kd8
28. Rc3 Rb8 29. Na6+ Rxb6 30. Nc5 Bd2 31. Rd3 Bg5 32. Re1 Rgg6 33. d5 f4 34.
Ne6+ Ke8 35. Nc5 fxg3 36. e6 axb4 37. d6 Ra6 38. Nxa6 Rf6 39. Nc7+ Kf8 40. e7+
Kg7 41. e8=Q Rxf2 42. Rxg3 Rf4 43. Qe5+ Kh6 44. h4 Bxh4 45. Qxf4+ Bg5 46. Qxg4
Bd8 47. Re6+ Bf6 48. Rxf6# 1-0

[Event "Challenge"]
[Site "http://www.queenalice.com/game.php?id=727310"]
[Date "2010.2.6"]
[Round "-"]
[White "colatina"]
[Black "Peds"]
[Result "1-0"]
[WhiteElo "1575"]
[BlackElo "1218"]

1. e4 c5 2. e5 Nh6 3. c3 d5 4. d4 c4 5. Bxh6 gxh6 6. Be2 Be6 7. Bh5 b5 8. b4 Rg8
9. h3 Rg7 10. Qe2 Nd7 11. Nd2 Nf6 12. f4 Bf5 13. exf6 Bd3 14. Qf3 Rg8 15. Ne2
exf6 16. a4 bxa4 17. Rxa4 Bc2 18. Ra5 a6 19. Qxd5 Bd3 20. Qxd8+ Rxd8 21. Rxa6
Rxg2 22. Rg1 Rh2 23. Ra7 Rxh3 24. Bg4 Re3 25. Rg3 Re7 26. Rxe7+ Kxe7 27. Re3+
Kd6 28. Ne4+ Kc6 29. Nxf6 Ra8 30. d5+ Kb5 31. Nd4+ Ka4 32. Re8 Rxe8+ 33. Nxe8
Bg7 34. Nxg7 Be4 35. d6 Bc6 36. b5 Bxb5 37. Nxb5 Kxb5 38. d7 Ka4 39. Bd1+ Ka3
40. d8=Q Kb2 41. Qa5 Kc1 42. Qa3+ Kb1 43. Kd2 h5 44. Bc2# 1-0

[Event "Peds X Mamonas"]
[Site "http://www.queenalice.com/game.php?id=727530"]
[Date "2010.2.7"]
[Round "-"]
[White "Mamonas"]
[Black "Peds"]
[Result "1-0"]
[WhiteElo "1580"]
[BlackElo "1220"]

1. e4 Na6 2. Qf3 Nh6 3. Bc4 e5 4. d3 Bb4+ 5. c3 Bc5 6. Bxh6 f6 7. Bxg7 Rg8 8.
Bxf6 Be7 9. Bxg8 Bxf6 10. Qh5+ Ke7 11. Qxh7+ Kd6 12. Na3 Nc5 13. O-O-O Bg5+ 14.
f4 Bxf4+ 15. Kb1 b5 16. Bd5 c6 17. Qf7 Qe7 18. Qxe7+ Kxe7 19. d4 Nxe4 20. Bxe4
d5 21. Bxd5 cxd5 22. Nxb5 e4 23. Ne2 Bg4 24. h3 Bxe2 25. Rhf1 a6 26. Rxf4 Bxb5
27. c4 dxc4 28. Rxe4+ Kd6 29. Rh1 Kd5 30. Rhe1 Rb8 31. Re5+ Kxd4 32. Kc2 Rc8 33.
R1e4# 1-0

[Event "AUTO-INT-1608"]
[Site "http://www.queenalice.com/game.php?id=729750"]
[Date "2010.2.11"]
[Round "1"]
[White "Fernandoventura"]
[Black "Peds"]
[Result "1-0"]
[WhiteElo "1968"]
[BlackElo "1216"]

1. e4 e5 2. Nf3 Bb4 3. c3 Bd6 4. d4 exd4 5. cxd4 Nf6 6. e5 Bb4+ 7. Nc3 Ne4 8.
Qc2 Nc6 9. Qxe4 g6 10. Bd2 f5 11. exf6+ Be7 12. Nd5 Rf8 13. fxe7 Nxe7 14. Bh6
Rf7 15. Ng5 Rf5 16. Bc4 a6 17. O-O c6 18. Nxe7 d5 19. Nxd5+ Kd7 20. Qe6# 1-0

[Event "AUTO-INT-1608"]
[Site "http://www.queenalice.com/game.php?id=729751"]
[Date "2010.2.11"]
[Round "1"]
[White "Peds"]
[Black "Fernandoventura"]
[Result "0-1"]
[WhiteElo "1214"]
[BlackElo "1985"]

1. h4 e5 2. e4 Nc6 3. Nc3 d6 4. Nh3 h6 5. Be2 Qxh4 6. Nd5 Qd8 7. Bb5 Bd7 8. d4
Nxd4 9. c3 Nxb5 10. c4 Nd4 11. b3 c6 12. Nc3 Be7 13. b4 Nf6 14. f4 Bg4 15. fxe5
Bxd1 16. exf6 Bxf6 17. Nf4 Bg4 18. Nh5 Bh4+ 19. Kf1 Bxh5 20. g3 Qf6+ 21. Bf4
Bxg3 22. Rxh5 Qxf4+ 23. Kg2 Qf3+ 24. Kh3 Bf4+ 25. Kh4 Qg3# 0-1

[Event "AUTO-INT-1608"]
[Site "http://www.queenalice.com/game.php?id=729766"]
[Date "2010.2.11"]
[Round "1"]
[White "Peds"]
[Black "BFBear"]
[Result "0-1"]
[WhiteElo "1218"]
[BlackElo "1624"]

1. Na3 d5 2. g4 Nf6 3. f4 Nxg4 4. h3 Nf6 5. Nf3 e6 6. e4 Nxe4 7. Ne5 Qh4+ 8. Ke2
Qf2+ 9. Kd3 Qxf4 10. Qg4 Nc5+ 11. Kc3 Qxe5+ 12. d4 Ne4+ 13. Kb3 Qxd4 14. Bd3
Nc5# 0-1

[Event "AUTO-INT-1608"]
[Site "http://www.queenalice.com/game.php?id=729767"]
[Date "2010.2.11"]
[Round "1"]
[White "BFBear"]
[Black "Peds"]
[Result "1-0"]
[WhiteElo "1666"]
[BlackElo "1225"]

1. e4 c5 2. Nc3 Nf6 3. d3 Na6 4. Nf3 Nb4 5. a3 Nc6 6. h3 e5 7. Nd5 Qa5+ 8. Bd2
Qb5 9. Nc7+ Ke7 10. Nxb5 g5 11. Bxg5 Bg7 12. Bxf6+ Bxf6 13. Nc7 Na5 14. Nxa8 b5
15. Nc7 c4 16. Nd5+ Ke6 17. Nxf6 Kxf6 18. dxc4 bxc4 19. Qd6+ Kg7 20. Qxe5+ f6
21. Qxa5 d6 22. Qxa7+ Kf8 23. Bxc4 Rg8 24. Qf7# 1-0

[Event "AUTO-INT-1608"]
[Site "http://www.queenalice.com/game.php?id=729768"]
[Date "2010.2.11"]
[Round "1"]
[White "Peds"]
[Black "donchoa"]
[Result "0-1"]
[WhiteElo "1228"]
[BlackElo "1425"]

1. e4 e5 2. Nh3 Qh4 3. g3 Qxe4+ 4. Be2 Qxh1+ 5. Bf1 Bc5 6. Nc3 Qxh2 7. Qg4 g6 8.
Ne4 f5 9. Qh4 fxe4 10. d3 exd3 11. cxd3 Nc6 12. Rb1 d5 13. a3 Bxh3 14. b4 Qxf2+
15. Kd1 Qxf1+ 16. Kc2 Bd4 17. Bg5 Qf2+ 18. Kb3 a5 19. Qxh3 a4# 0-1

[Event "AUTO-INT-1608"]
[Site "http://www.queenalice.com/game.php?id=729769"]
[Date "2010.2.11"]
[Round "1"]
[White "donchoa"]
[Black "Peds"]
[Result "1-0"]
[WhiteElo "1410"]
[BlackElo "1228"]

1. e3 a5 2. c3 Nc6 3. Qh5 g6 4. Qd1 Nf6 5. c4 Nb4 6. a3 Nc6 7. Nc3 e5 8. Nh3 g5
9. Nxg5 Rg8 10. Nge4 Rg4 11. h3 Rxe4 12. Nxe4 Nxe4 13. d3 Nc5 14. Qh5 Nb3 15.
Rb1 e4 16. dxe4 d6 17. c5 dxc5 18. Bc4 Bd6 19. Qxf7# 1-0

[Event "Challenge"]
[Site "http://www.queenalice.com/game.php?id=730676"]
[Date "2010.2.12"]
[Round "-"]
[White "Peds"]
[Black "rconley23"]
[Result "1-0"]
[WhiteElo "1212"]
[BlackElo "1140"]

1. h4 e5 2. Nf3 Nf6 3. Nxe5 Ne4 4. e3 d6 5. f3 dxe5 6. fxe4 Nc6 7. Nc3 Be7 8.
Nd5 Bxh4+ 9. g3 Bxg3+ 10. Ke2 Bg4+ 11. Kd3 Nb4+ 12. Kc3 Qd7 13. Be2 Bh3 14. Nxb4
O-O 15. Qg1 Bh4 16. Nd3 Qc6+ 17. Kb3 Be6+ 18. c4 Bxc4+ 19. Kc3 Bb5+ 20. Kb3 Qc4+
21. Ka3 Be7+ 22. b4 Rfd8 23. Rxh7 a5 24. Qxg7# 1-0

[Event "2 ROUND"]
[Site "http://www.queenalice.com/game.php?id=736739"]
[Date "2010.2.23"]
[Round "-"]
[White "Peds"]
[Black "Mamonas"]
[Result "0-1"]
[WhiteElo "1260"]
[BlackElo "1631"]

1. Nh3 e5 2. Nc3 d5 3. e4 dxe4 4. Nxe4 Nf6 5. Neg5 Ng4 6. Bb5+ Bd7 7. Bc4 Nh6 8.
b3 Bxh3 9. Nxh3 Qh4 10. Qf3 e4 11. Qg3 Qxg3 12. fxg3 Bb4 13. c3 Be7 14. Nf4 O-O
15. Rf1 Ng4 16. Ne6 Nxh2 17. Rf5 fxe6 18. Bxe6+ Kh8 19. Rh5 Nf1 20. c4 Nxg3 21.
Rb5 Ba3 22. Kd1 Bxc1 23. Kxc1 Ne2+ 24. Kd1 Rf1+ 25. Kxe2 Rxa1 26. Bd5 c6 27. Rc5
Nd7 28. b4 Nxc5 29. Bf7 Rf8 30. Bh5 Nd3 31. Ke3 g6 32. Be2 Re1 33. a4 Rf2 34.
Kxe4 Nc1 35. Ke3 Rexe2+ 36. Kd4 Rxd2+ 37. Ke5 Nd3+ 38. Kd6 Rf6+ 39. Kc7 Rf7+ 40.
Kb8 Nxb4 41. Kxa7 Ra2 42. a5 Rxa5+ 43. Kb8 Na6+ 44. Ka7 b5+ 45. Kb6 Rf5 46. Kxa5
bxc4+ 47. Kxa6 Rb5 48. g4 c3 49. g5 c2 50. Ka7 c1=Q 51. Ka8 Qa1# 0-1

[Event "Peds"]
[Site "http://www.queenalice.com/game.php?id=748013"]
[Date "2010.3.18"]
[Round "-"]
[White "foda"]
[Black "Peds"]
[Result "1-0"]
[WhiteElo "1395"]
[BlackElo "1258"]

1. e4 b5 2. c4 c6 3. cxb5 c5 4. Bc4 Nh6 5. d3 Qa5+ 6. Bd2 Qb6 7. a4 Qf6 8. Bd5
e6 9. Bxa8 g5 10. h3 Qxb2 11. Ra3 c4 12. dxc4 a6 13. Ne2 Bxa3 14. Nxa3 Qxa3 15.
Bc1 Qb4+ 16. Bd2 Qxc4 17. Qc1 axb5 18. axb5 Qxb5 19. Qxc8+ Ke7 20. Qxh8 g4 21.
Bxh6 Na6 22. Bf8+ Kd8 23. Bd6# 1-0

[Event "AUTO-BEG-385"]
[Site "http://www.queenalice.com/game.php?id=748653"]
[Date "2010.3.19"]
[Round "1"]
[White "Peds"]
[Black "rigler8"]
[Result "0-1"]
[WhiteElo "1207"]
[BlackElo "1264"]

1. Nc3 d5 2. d4 Nf6 3. Bg5 Nc6 4. b4 a6 5. e4 dxe4 6. b5 axb5 7. Nxb5 h6 8. d5
Nxd5 9. c4 hxg5 10. cxd5 Nb4 11. g4 c6 12. Bc4 cxb5 13. Bb3 b6 14. Nh3 Nd3+ 15.
Kf1 Rxh3 16. d6 Qxd6 0-1

[Event "AUTO-BEG-385"]
[Site "http://www.queenalice.com/game.php?id=748654"]
[Date "2010.3.19"]
[Round "1"]
[White "rigler8"]
[Black "Peds"]
[Result "1-0"]
[WhiteElo "1249"]
[BlackElo "1222"]

1. e4 Nf6 2. Nc3 h5 3. Nf3 Na6 4. d3 e5 5. Nxe5 d6 6. Nf3 Nc5 7. b4 Ncd7 8. h4
Ng4 9. Bg5 f6 10. Bf4 Nb6 11. d4 d5 12. Nb5 dxe4 13. Nxc7+ Ke7 14. Nxa8 exf3 15.
Bc7 1-0

[Event "AUTO-BEG-385"]
[Site "http://www.queenalice.com/game.php?id=748655"]
[Date "2010.3.19"]
[Round "1"]
[White "Peds"]
[Black "stephen6"]
[Result "0-1"]
[WhiteElo "1249"]
[BlackElo "1288"]

1. h4 e5 2. Nf3 Nc6 3. b3 d5 4. Na3 Bg4 5. Ng5 h6 6. Nxf7 Kxf7 7. c4 Ke8 8. f3
Bh5 9. c5 Bxc5 10. g4 Bf7 11. e3 Qe7 12. f4 g5 13. hxg5 Nb4 14. Bb5+ c6 15. d4
exd4 16. Rh3 cxb5 17. Nxb5 dxe3 18. Ke2 a6 19. g6 axb5 20. a3 Nc6 21. b4 Bd4 22.
f5 Bxa1 23. g7 Bxg7 24. g5 Qxg5 25. Bxe3 Qxf5 26. Rg3 Rh7 27. Rf3 Bh5 28. Bd4
Bxf3+ 29. Kd2 Bxd1 30. Kxd1 Nxd4 31. a4 Rxa4 32. Kd2 Qf3 0-1

[Event "AUTO-BEG-385"]
[Site "http://www.queenalice.com/game.php?id=748656"]
[Date "2010.3.19"]
[Round "1"]
[White "stephen6"]
[Black "Peds"]
[Result "1-0"]
[WhiteElo "1321"]
[BlackElo "1235"]

1. e4 Nc6 2. Nf3 b6 3. d4 g6 4. Bc4 Nb4 5. a3 e5 6. Nxe5 f6 7. Nf7 Qe7 8. O-O d5
9. Bb5+ c6 10. Nxh8 cxb5 11. axb4 dxe4 12. Re1 Bf5 13. c3 Bg7 14. Nxg6 hxg6 15.
Ra5 bxa5 16. bxa5 e3 17. Na3 b4 18. Nb5 Be6 19. cxb4 f5 20. fxe3 Qh4 21. Nc7+
Ke7 22. Nxa8 Bd5 23. e4 Be6 24. b5 Bc4 25. Nc7 f4 26. Rf1 Bxf1 27. Qxf1 Bxd4+
28. Kh1 Bf2 29. Nd5+ Ke6 30. Nxf4+ Ke5 31. Nxg6+ Kxe4 32. Nxh4 Bxh4 33. b6 Ne7
34. bxa7 Nf5 35. a8=Q+ Ke5 36. Qe2+ Kd4 37. a6 Bg3 38. Qg4+ Kd3 39. Qxf5+ Ke2
40. hxg3 Kd1 41. Qf1+ Kc2 42. Qaf3 1-0